Top 100 Horror Movies of the 2010's - Statistics

General Stats
  • This quiz has been taken 325 times
  • The average score is 17 of 100
Answer Stats
# Movie Year % Correct
1 Get Out 2017
77%
11 It 2017
76%
33 The Conjuring 2013
73%
3 Us 2019
71%
5 Hereditary 2018
61%
6 It Follows 2015
55%
55 The Conjuring 2 2016
55%
95 It Chapter Two 2019
54%
30 Halloween 2018
53%
16 Midsommar 2019
53%
4 The Babadook 2014
46%
8 The Witch 2016
43%
7 The Cabin in the Woods 2012
41%
2 A Quiet Place 2018
39%
25 Don't Breathe 2016
33%
23 Train to Busan 2016
30%
75 You're Next 2013
28%
81 Lights Out 2016
26%
14 Ready or Not 2019
26%
24 It Comes at Night 2017
21%
97 Annabelle: Creation 2017
20%
93 Oculus 2014
20%
18 Raw 2017
20%
17 Green Room 2016
19%
31 Let Me In 2010
18%
46 Crawl 2019
17%
37 Gerald's Game 2017
17%
63 Scary Stories to Tell in the Dark 2019
17%
96 Suspiria 2018
17%
50 The Autopsy of Jane Doe 2016
17%
65 The Shallows 2016
16%
78 I Saw the Devil 2011
15%
12 Mandy 2018
15%
66 Ouija: Origin of Evil 2016
15%
41 The Invitation 2016
15%
10 The Wailing 2016
15%
32 Under the Skin 2014
14%
52 Goodnight Mommy 2015
13%
62 Tucker and Dale vs. Evil 2011
13%
15 A Girl Walks Home Alone at Night 2014
12%
27 Cam 2018
12%
79 Crimson Peak 2015
12%
94 Happy Death Day 2U 2019
11%
22 Revenge 2018
11%
77 The Innkeepers 2012
11%
88 The Void 2017
11%
48 Better Watch Out 2017
10%
87 Kill List 2012
10%
98 The Bay 2012
10%
42 1922 2017
9%
19 The Loved Ones 2012
9%
84 The Monster 2016
9%
74 Trollhunter 2011
9%
54 Unsane 2018
9%
39 Bone Tomahawk 2015
8%
53 Overlord 2018
8%
38 The Devil's Candy 2017
8%
21 The Love Witch 2016
8%
9 Under the Shadow 2016
8%
56 We Are What We Are 2013
8%
91 Apostle 2018
7%
68 Mayhem 2017
7%
83 Southbound 2016
7%
26 The Endless 2018
7%
28 We Are Still Here 2015
7%
61 A Field in England 2014
6%
92 Baskin 2016
6%
60 Berberian Sound Studio 2013
6%
47 Creepy 2016
6%
35 Demon 2016
6%
57 Ghost Stories 2018
6%
29 Housebound 2014
6%
80 In Fear 2014
6%
36 Prevenge 2017
6%
59 Sightseers 2013
6%
70 Spring 2015
6%
86 The Eyes of My Mother 2016
6%
67 The Hole in the Ground 2019
6%
73 The Wind 2019
6%
13 Tigers Are Not Afraid 2019
6%
71 Tragedy Girls 2017
6%
76 What Keeps You Alive 2018
6%
85 Anna and the Apocalypse 2018
5%
45 Cheap Thrills 2014
5%
43 Cropsey 2010
5%
72 Evolution 2016
5%
44 Hounds of Love 2017
5%
51 Julia's Eyes 2010
5%
58 Luz 2019
5%
89 Mom and Dad 2018
5%
49 The Girl with All the Gifts 2017
5%
20 Thelma 2017
5%
64 The Transfiguration 2017
5%
82 Willow Creek 2014
5%
69 Depraved 2019
4%
34 Most Beautiful Island 2017
4%
99 Nightmare Cinema 2019
4%
40 Rare Exports: A Christmas Tale 2010
4%
90 Tales of Halloween 2015
4%
100 Berlin Syndrome 2017
3%
No matching quizzes found
Score Distribution
Percent of People with Each Score
Percentile by Number Answered
Your Score History
You have not taken this quiz